[Event "Prague Golden op 14th"]
[Site "Prague"]
[Date "2018.07.08"]
[Round "9"]
[White "Tesar, Jakub"]
[Black "Postranecka, Zuzana"]
[Result "0-1"]
[WhiteElo "1299"]
[BlackElo "1501"]
[PlyCount "38"]
[EventDate "2018.06.30"]
[EventType "swiss"]
[EventRounds "9"]
[EventCountry "CZE"]
[SourceTitle "CBM 185 Extra"]
[Source "ChessBase"]
[SourceDate "2018.07.29"]
[SourceVersion "1"]
[SourceVersionDate "2018.07.29"]
[SourceQuality "1"]

1. e4 e5 2. Nf3 Nf6 3. Nc3 Nc6 4. Bb5 Bb4 5. a3 Bxc3 6. bxc3 a6 7. Ba4 0-0 8. 0-0 b5 9. Bb3 d5 10. exd5 Nxd5 11. Re1 Bg4 12. h3 Bh5 13. Bb2 Re8 14. c4 bxc4 15. Bxc4 e4 16. d3 Bxf3 17. gxf3 Nf4 18. fxe4 Qg5+ 19. Qg4 Nxh3+ 0-1

[Event "Prague Golden op 14th"]
[Site "Prague"]
[Date "2018.07.04"]
[Round "5"]
[White "Salac, Jiri"]
[Black "Postranecka, Zuzana"]
[Result "1-0"]
[WhiteElo "2007"]
[BlackElo "1501"]
[PlyCount "79"]
[EventDate "2018.06.30"]
[EventType "swiss"]
[EventRounds "9"]
[EventCountry "CZE"]
[SourceTitle "CBM 185 Extra"]
[Source "ChessBase"]
[SourceDate "2018.07.29"]
[SourceVersion "1"]
[SourceVersionDate "2018.07.29"]
[SourceQuality "1"]

1. d4 d5 2. Bf4 Nf6 3. e3 e6 4. Nd2 c5 5. c3 Nc6 6. Bg3 c4 7. e4 b5 8. b3 Be7 9. a4 b4 10. e5 bxc3 11. Nxc4 dxc4 12. Bxc4 Bb4 13. Qf3 c2+ 14. Kf1 Qxd4 15. Rc1 Ne4 16. Qd3 Qxd3+ 17. Bxd3 Nd4 18. Ne2 Nd2+ 19. Kg1 Nxe2+ 20. Bxe2 Bb7 21. Rxc2 0-0 22. h4 Rac8 23. Rb2 Rc5 24. Bf4 Rd8 25. Kh2 Bc3 26. Rc1 Bxb2 27. Rxc5 Ne4 28. Rc7 Bd5 29. Bf3 Nxf2 30. Rxa7 Bxf3 31. gxf3 Nd3 32. Kg3 Bxe5 33. Bxe5 Nxe5 34. b4 Nc6 35. Rb7 Rb8 36. Rxb8+ Nxb8 37. b5 Kf8 38. a5 Ke7 39. a6 Kd6 40. a7 1-0

[Event "CZE-ch U14 Girls"]
[Site "Kouty nad Desnou"]
[Date "2015.03.14"]
[Round "9"]
[White "Vaskova, Marie"]
[Black "Postranecka, Zuzana"]
[Result "1-0"]
[WhiteElo "1483"]
[BlackElo "1110"]
[PlyCount "53"]
[EventDate "2015.03.07"]
[EventType "swiss"]
[EventRounds "9"]
[EventCountry "CZE"]
[SourceTitle "EXT 2017"]
[Source "ChessBase"]
[SourceDate "2016.10.25"]
[SourceVersion "1"]
[SourceVersionDate "2016.10.25"]
[SourceQuality "1"]

1. e4 e5 2. d4 exd4 3. c3 dxc3 4. Bc4 cxb2 5. Bxb2 Nf6 6. Qf3 Nc6 7. e5 d5 8. exf6 Bb4+ 9. Kf1 dxc4 10. fxg7 Rg8 11. g3 Nd4 12. Qe4+ Ne6 13. Qxc4 Qd1+ 14. Kg2 Bc5 15. Nf3 Nf4+ 16. Qxf4 Bh3+ 17. Kxh3 Qxh1 18. Nc3 Qxa1 19. Bxa1 Rxg7 20. Qe5+ Kd7 21. Qxg7 Ke7 22. Qe5+ Kf8 23. Qh8+ Ke7 24. Qxa8 Kd6 25. Ne4+ Kd5 26. Qxb7+ Kc4 27. Qb3# 1-0

[Event "CZE-ch U12 Girls"]
[Site "Kouty nad Desnou"]
[Date "2014.03.15"]
[Round "9"]
[White "Postranecka, Zuzana"]
[Black "Vaskova, Marie"]
[Result "1/2-1/2"]
[WhiteElo "1100"]
[BlackElo "1348"]
[PlyCount "117"]
[EventDate "2014.03.08"]
[EventType "swiss"]
[EventRounds "9"]
[EventCountry "CZE"]
[SourceTitle "EXT 2015"]
[Source "ChessBase"]
[SourceDate "2014.11.20"]
[SourceVersion "1"]
[SourceVersionDate "2014.11.20"]
[SourceQuality "1"]

1. e4 e5 2. Nf3 Nc6 3. Bc4 Bc5 4. c3 Nf6 5. d4 exd4 6. cxd4 Bb4+ 7. Nc3 Nxe4 8. 0-0 Bxc3 9. bxc3 d5 10. Bb5 0-0 11. c4 dxc4 12. Bxc4 Bg4 13. d5 Ne5 14. Be2 Bxf3 15. Bxf3 Nxf3+ 16. Qxf3 Qxd5 17. Bb2 Qd6 18. Rfe1 Rfe8 19. Rac1 c6 20. Rcd1 Qg6 21. Qe3 f6 22. Qb3+ Qf7 23. Qxf7+ Kxf7 24. Rd7+ Kg6 25. Rxb7 a5 26. Rc7 Ra6 27. f3 Nd6 28. Rxe8 Nxe8 29. Re7 Nd6 30. Re6 Nc4 31. Bc3 h5 32. g4 hxg4 33. fxg4 Kg5 34. h3 a4 35. Kg2 Kg6 36. Kg3 Kh7 37. Re4 Nb6 38. Rf4 Nd5 39. Rf3 Nxc3 40. Rxc3 g5 41. h4 gxh4+ 42. Kxh4 Kg6 43. Rf3 Ra5 44. Rc3 c5 45. Kg3 f5 46. gxf5+ Kxf5 47. Kf3 Ke5 48. Ke3 Kd5 49. Kd3 Rb5 50. Rc4 Rb4 51. Rxb4 cxb4 52. Kc2 Kd4 53. Kb2 Kc4 54. a3 b3 55. Kb1 Kd3 56. Kb2 Kd2 57. Kb1 Kc3 58. Ka1 b2+ 59. Kb1 1/2-1/2

[Event "CZE-ch U12 Girls"]
[Site "Kouty nad Desnou"]
[Date "2014.03.14"]
[Round "8"]
[White "Postranecka, Zuzana"]
[Black "Schwarzova, Natalie"]
[Result "0-1"]
[WhiteElo "1100"]
[BlackElo "1072"]
[PlyCount "138"]
[EventDate "2014.03.08"]
[EventType "swiss"]
[EventRounds "9"]
[EventCountry "CZE"]
[SourceTitle "EXT 2015"]
[Source "ChessBase"]
[SourceDate "2014.11.20"]
[SourceVersion "1"]
[SourceVersionDate "2014.11.20"]
[SourceQuality "1"]

1. e4 e5 2. Nf3 Nc6 3. Bc4 Nf6 4. d3 d5 5. exd5 Nxd5 6. Bxd5 Qxd5 7. Nc3 Bb4 8. a3 Bxc3+ 9. bxc3 Bg4 10. 0-0 Bxf3 11. Qxf3 Qxf3 12. gxf3 0-0-0 13. Be3 h5 14. a4 a5 15. Rfd1 Ne7 16. d4 exd4 17. cxd4 Nf5 18. c3 Rhe8 19. Re1 Nh4 20. Re2 Nxf3+ 21. Kg2 Nh4+ 22. Kh1 Ng6 23. Rae1 Kd7 24. Bg5 Rxe2 25. Rxe2 f6 26. Bd2 Re8 27. Rxe8 Kxe8 28. Kg2 Ke7 29. c4 Nh4+ 30. Kg3 Nf5+ 31. Kf4 Nxd4 32. Bxa5 Ne6+ 33. Ke3 Kd6 34. Bb4+ c5 35. Ba3 Ke5 36. a5 Nd4 37. Bb2 g5 38. Bxd4+ cxd4+ 39. Kd3 f5 40. Kc2 f4 41. Kb3 h4 42. c5 Kd5 43. Kb4 d3 44. Kc3 Kxc5 45. Kxd3 Kd5 46. Ke2 g4 47. f3 g3 48. hxg3 hxg3 49. Kf1 Kc5 50. Kg2 Kb5 51. Kh3 Kxa5 52. Kg2 b5 53. Kf1 b4 54. Ke1 b3 55. Kd1 b2 56. Kc2 g2 57. Kxb2 g1Q 58. Kc3 Qe3+ 59. Kc4 Kb6 60. Kd5 Qc5+ 61. Ke4 Qe7+ 62. Kxf4 Kc5 63. Kg4 Kd5 64. f4 Ke4 65. f5 Qg7+ 66. Kh3 Kxf5 67. Kh2 Kf4 68. Kh1 Kf3 69. Kh2 Qg2# 0-1